La literatura moderna y la cultura

Salvato in:
Dettagli Bibliografici
Autore principale: Barbusse, Henri
Natura: Libro
Lingua:Undetermined
Pubblicazione: Buenos Aires, Argentina Ediciones Mundo 1935
Soggetti:
Tags: Aggiungi Tag
Nessun Tag, puoi essere il primo ad aggiungerne!!

MARC

LEADER 00000nam a2200000Ia 4500
008 170316s9999 xx 000 0 und d
090 |a 801 B-6L 
100 |a Barbusse, Henri 
245 |a La literatura moderna y la cultura 
260 |a Buenos Aires, Argentina 
260 |b Ediciones Mundo 
260 |c 1935 
300 |a 130 páginas 
650 |a TEORÍA LITERARIA 
650 |a LITERATURA 
650 |a NACIÓN - CULTURA - SOCIEDAD 
999 |c 20115  |d 20115 
040 |a cru BVZT 
942 |c 15 D  |h 801 B-6L  |2 z